| 000 | 00000nam 2200000zi 4500 |
| 001 | 9.943804 |
| 003 | CaOODSP |
| 005 | 20250821154833 |
| 006 | m o d f |
| 007 | cr cn||||||||| |
| 008 | 241004e202410 oncad o f000 0 eng d |
| 020 | |a9780660739038 |
| 040 | |aCaOODSP|beng|erda|cCaOODSP |
| 043 | |an-cn--- |
| 086 | 1 |aFo4-236/2024E-PDF |
| 245 | 00|aHow does Canada report greenhouse gas emissions from wildfire? |
| 264 | 1|a[Ottawa] : |bNatural Resources Canada = Ressources naturelles Canada, |cOctober 2024. |
| 264 | 4|c©2024 |
| 300 | |a1 online resource (3 unnumbered pages) : |bcolour graph, colour illustrations |
| 336 | |atext|btxt|2rdacontent |
| 337 | |acomputer|bc|2rdamedia |
| 338 | |aonline resource|bcr|2rdacarrier |
| 500 | |aIssued also in French under title: De quelle façon le Canada déclare-t-il les émissions de gaz à effet de serre provenant des feux de forêt? |
| 500 | |aIssued by: Canadian Forest Service. |
| 650 | 0|aWildfires|xClimatic factors|zCanada. |
| 650 | 0|aGreenhouse gases|zCanada|xMeasurement. |
| 710 | 1 |aCanada. |bNatural Resources Canada, |eissuing body. |
| 710 | 2 |aCanadian Forest Service, |eissuing body. |
| 775 | 08|tDe quelle façon le Canada déclare-t-il les émissions de gaz à effet de serre provenant des feux de forêt?|w(CaOODSP)9.943805 |
| 856 | 40|qPDF|s1.07 MB|uhttps://publications.gc.ca/collections/collection_2025/rncan-nrcan/Fo4-236-2024-eng.pdf |